1949 1043 1984 1918 1593 1064 1050 1693 1205 1044 1174 1007 1877 1411 1839 1664 1092 1453 1362 1026 1357 1979 1248 1983 1361 1769 1251 1613 1274 1295 1347 1901 1667 1515 1725 1984 1632 1490 1632 1333 1499 1529 1878 1879 1164 1265 1132 1952 1519 1829 1007 1326 1774 1519 1289 1400 1954 1539 1069 1984 1592 1746 1415 1523 1163 1178 1164 1809 1321 1344 1179 1398 1673 1966 1356 1977 1198 1672 1420 1547 1547 1753 1230 1648 1890 1162 1737 1203 1499 1152 1117 1802 1853 1929 1668 1856 1201 1925 1171 BCNSPRNW ULIB Ver.6.0+V

เปลี่ยนเป็นภาษาไทย

Change to English
 แสดงรายละเอียดบรรณานุกรม
  กลับหน้าหลัก

Brief Record : Get Marc (ISO 2709) : E-mail record : QR code < ปิดหน้าต่าง
LEADER : 00000nam 2200000 a 4500
001    13399113681
003     ULIB
008    110825s2554 th a 000 0 tha d
020    ^a9786167539003
050  4 ^aBQ4570 ^bว433ค
100 0  ^aวุฒิชัย วชิรเมธี,^cพระมหา
245 10 ^aคมคำธรรมออนไลน์ = Online dhamma wisdom /^cว. วชิรเมธี
246 31 ^aOnline dhamma wisdom
250    ^aพิมพ์ครั้งที่ 2
260    ^aกรุงเทพฯ :^bปราณ,^c2554
300    ^a171 หน้า :^bภาพประกอบ
500    ^aพิมพ์ครั้งที่ 2, 3 ปี พ.ศ. เดียวกัน
650  7 ^aธรรมะกับชีวิตประจำวัน
650  7 ^aการดำเนินชีวิต
945    ^p99^l0^i030815
945    ^p99^l0^i030853
995    ^a เกษร
999 ^a ใช้งานได้ทุกระบบ
รายการนี้ยังไม่มีแท็ก
คุณยังไม่ได้ล็อกอิน คุณสามารถมีกิจกรรมร่วมกับเว็บไซต์ได้ แต่ต้องล็อกอินก่อน ::
  ล็อกอิน

รายการสื่อสารสนเทศ

ลำดับที่ ประเภท เลขเรียก/บาร์โค้ด สถานที่ สถานะ
- ไม่พบข้อมูล -

รายการใกล้เคียง
    หัวเรื่อง [ธรรมะกับชีวิตประจำวัน]
    หัวเรื่อง [การดำเนินชีวิต]

BibComment


ยังไม่เคยถูกคอมเมนท์

คอมเมนท์ทรัพยากรรายการนี้
  คอมเมนท์: คมคำธรรมออนไลน์ ..


 Copyright 2026. Bcnsprnw @Library